Poradenské služby v Slovenskej republike, ich rast a konkurencieschopnosť na formujúcom sa európskom a globálnom trhu služieb

Uložené v:
Podrobná bibliografia
Hlavný autor: Soják, Marek
Médium: Kapitola
Jazyk:Slovak
Tagy: Pridať tag
Žiadne tagy, Buďte prvý, kto otaguje tento záznam!

MARC

LEADER 00000nla$a2200000$$$4500
001 0117209
005 20221128083652.6
041 0 |a slo 
044 |a SK 
245 1 0 |a Poradenské služby v Slovenskej republike, ich rast a konkurencieschopnosť na formujúcom sa európskom a globálnom trhu služieb  |c Marek Soják 
100 1 |a Soják, Marek